[Event "Hastings International Chess Congress"]
[Site "?"]
[Date "2013.12.29"]
[Round "2.1"]
[White "Ma, Qun"]
[Black "Kipper, Jens"]
[Result "1-0"]
[LiveChessVersion "1.4.2"]
[BlackElo "2378"]
[WhiteElo "2595"]

1. e4 {[%clk 1:38:48]} e6 {[%clk 1:40:54]} 2. d4 {[%clk 1:39:01]} d5
{[%clk 1:41:15]} 3. Nd2 {[%clk 1:39:15]} Be7 {[%clk 1:41:36]} 4. c3
{[%clk 1:38:42]} c5 {[%clk 1:41:15]} 5. dxc5 {[%clk 1:37:47]} Nf6
{[%clk 1:37:22]} 6. exd5 {[%clk 1:37:50]} Qxd5 {[%clk 1:36:21]} 7. b4
{[%clk 1:37:41]} O-O {[%clk 1:34:42]} 8. Ngf3 {[%clk 1:37:23]} b6
{[%clk 1:31:36]} 9. cxb6 {[%clk 1:31:14]} axb6 {[%clk 1:30:55]} 10. Be2
{[%clk 1:31:01]} Rd8 {[%clk 1:25:21]} 11. O-O {[%clk 1:27:25]} Qc6
{[%clk 0:55:28]} 12. Qb3 {[%clk 0:34:15]} Nd5 {[%clk 0:51:26]} 13. Ne4
{[%clk 0:34:06]} f5 {[%clk 0:17:30]} 14. Nd4 {[%clk 0:32:46]} Qa4
{[%clk 0:17:18]} 15. Nd2 {[%clk 0:13:35]} Qxb3 {[%clk 0:09:01]} 16. N2xb3
{[%clk 0:13:58]} Nxc3 {[%clk 0:09:25]} 17. Bc4 {[%clk 0:09:44]} Rxa2
{[%clk 0:09:12]} 18. Rxa2 {[%clk 0:08:25]} Nxa2 {[%clk 0:09:36]} 19. Bf4
{[%clk 0:07:57]} Bd6 {[%clk 0:08:07]} 20. Bxd6 {[%clk 0:06:23]} Rxd6
{[%clk 0:08:35]} 21. Ra1 {[%clk 0:06:46]} b5 {[%clk 0:01:36]} 22. Nxb5
{[%clk 0:06:01]} Rc6 {[%clk 0:01:37]} 23. Na5 {[%clk 0:04:33]} Nxb4
{[%clk 0:01:41]} 24. Nxc6 {[%clk 0:04:56]} N4xc6 {[%clk 0:02:04]} 25. Nd6
{[%clk 0:03:59]} Bd7 {[%clk 0:02:21]} 26. Nxf5 {[%clk 0:04:10]} Kf7
{[%clk 0:02:27]} 27. Ra8 {[%clk 0:02:49]} Kf6 {[%clk 0:02:31]} 28. Ng3
{[%clk 0:03:15]} Ke5 {[%clk 0:01:16]} 29. Bb5 {[%clk 0:03:21]} g6
{[%clk 0:01:14]} 30. f3 {[%clk 0:03:05]} Nd4 {[%clk 0:00:55]} 31. Bxd7
{[%clk 0:02:11]} Nxd7 {[%clk 0:01:22]} 32. Ra5+ {[%clk 0:01:55]} Kd6
{[%clk 0:01:07]} 33. Ne4+ {[%clk 0:02:19]} Ke7 {[%clk 0:01:35]} 34. Ra7
{[%clk 0:02:41]} Nc6 {[%clk 0:01:07]} 35. Rc7 {[%clk 0:03:03]} Nce5
{[%clk 0:01:09]} 36. Nc5 {[%clk 0:02:32]} Kd6 {[%clk 0:01:01]} 37. Nxd7
{[%clk 0:02:32]} Nxd7 {[%clk 0:01:14]} 38. Ra7 {[%clk 0:02:59]} h5
{[%clk 0:00:38]} 39. Kf2 {[%clk 0:02:23]} 1-0

[Event "Hastings Masters"]
[Site ", "]
[Date "2013.12.29"]
[Round "2"]
[White "Chlost, Marlena"]
[Black "Obsieger, Hendrik"]
[Result "1/2-1/2"]
[WhiteElo "2167"]
[BlackElo "1873"]
[Annotator "Doe,John"]
[PlyCount "168"]
[EventDate "2013.??.??"]

1. e4 c5 2. Nf3 d6 3. d4 cxd4 4. Nxd4 Nf6 5. Nc3 g6 6. Bc4 Bg7 7. O-O O-O 8.
Bb3 Nc6 9. Nxc6 bxc6 10. h3 Nd7 11. Be3 Ba6 12. Re1 Ne5 13. Qd2 Nc4 14. Bxc4
Bxc4 15. Bd4 e5 16. Be3 Qc7 17. b3 Be6 18. Bh6 Rad8 19. Bxg7 Kxg7 20. Qe3 f6
21. Na4 d5 22. Nc5 Bc8 23. b4 Rfe8 24. Rad1 Qf7 25. a3 f5 26. f3 Qf6 27. Qb3
Qf7 28. Qc3 Qf6 29. Rd2 dxe4 30. Rxd8 Rxd8 31. fxe4 f4 32. Rf1 Rd4 33. a4 Qd6
34. b5 Rd1 35. Rxd1 Qxd1+ 36. Kh2 Qd6 37. Nd3 Kf6 38. bxc6 g5 39. Nb4 h5 40.
Nd5+ Kf7 41. c7 g4 42. Qc4 Kf8 43. c3 Qe6 44. Qc5+ Kf7 45. hxg4 hxg4 46. Kg1 g3
47. c4 Qd7 48. a5 Qe6 49. Qxa7 Qg4 50. Nc3 f3 51. gxf3 Qh3 52. Ne2 Qh2+ 53. Kf1
g2+ 54. Ke1 Ke8 55. Qc5 Kf7 56. Kd2 Kf6 57. Kc3 Kf7 58. Kb4 g1=Q 59. Qxg1 Qxe2
60. Qa1 Qd2+ 61. Kc5 Ke6 62. Kb5 Qd6 $4 (62... Bd7+ $19) 63. c5 Ba6+ 64. Kb4
Qxc7 65. Qa2+ Kf6 {(=)} 66. Qd5 Ke7 67. Qg8 Qb7+ 68. Kc3 Qb5 69. Qg7+ Ke6 70.
Qg6+ Ke7 71. Qg5+ Ke6 72. Qf5+ Ke7 73. Qxe5+ Kf7 74. Qd5+ Ke7 75. c6 Qf1 76.
Qd7+ Kf6 77. Qf5+ Ke7 78. Qc5+ Ke6 79. Qf5+ Ke7 80. Qg5+ Ke6 81. Qg8+ Ke7 82.
Qg7+ Ke6 83. Qd7+ Kf6 84. Qd6+ Kf7 1/2-1/2
*